000 02743nam0a2200409 4500
001 RU\NLR\BIBL_A\012682773
005 20260408063109.0
035 _a(NLR Aleph) 012682773
090 _a12820927
_c12820927
100 _a20210916d1904 |||y0rusy50 ca
101 0 _arus
102 _aRU
105 _ay z 000yy
181 0 _ai
_baxxe
182 0 _an
200 1 _aО возмещении отпущенного из состоящих в ведении Министерства Внутренних Дел сумм общественного призрения кредита на уплату долга Подольского приказа общественного призрения
_fГосударственный Совет в Департаменте Государственной Экономии. Министерство Внутренних Дел. 5 февраля 1904 года. № 34
203 _aТекст
_bвизуальный
_cнепосредственный
210 _a[Санкт-Петербург
_cб. и.]
_d1904
215 _a[1] с.
_d34
300 _aВ конце текста: Подписали: Ф. Тернер, А. Куломзин, С. Марков [и др.]; Скрепил: Исправляющий должность Статс-Секретаря Н. Покровский
300 _aНа 1-й с.: CCCXXXVII, 7
309 _aБез тит. л. и обл.
601 0 2 _aПодольский приказ общественного призрения
_jДокументы и материалы
_92527315
_3RU\NLR\AUTH\6601711283
686 3 _aУ27(28)681,011
702 1 _4720
_7ca
_8rus
_aТернер
_bФ. Г.
_cгос. деятель
_f1828-1906
_gФедор Густавович
_9156929
_3RU\NLR\AUTH\770156969
702 1 _4720
_aКуломзин
_bА. Н.
_f1838-1923
_gАнатолий Николаевич
_9169479
_3RU\NLR\AUTH\770169529
702 1 _4720
_aМарков
_bС. В.
_cгос. деятель
_f1828-1907
_gСергей Владимирович
_9197570
_3RU\NLR\AUTH\770197621
702 1 _4720
_7ca
_8rus
_aПокровский
_bН. Н.
_cгос. деятель
_f1865-1930
_gНиколай Николаевич
_9153763
_3RU\NLR\AUTH\770153801
711 0 2 _aПодольский приказ общественного призрения
_9800844
_3RU\NLR\AUTH\880567133
711 0 1 _aРоссия
_bМинистерство внутренних дел
_9564612
_3RU\NLR\AUTH\8810033038
712 0 1 _4570
_aРоссия
_bДепартамент государственной экономии
_9362122
_3RU\NLR\AUTH\889933514
852 _aNLR
_j135/294-365 (36)
942 _cBOOK
980 _aNB